Female Students of Information and Communication Technologies in Slovakia and France - Population Shares and Development Trends

Ženy stále predstavujú malé percento pracovnej sily, najmä na pozíciách v oblasti informatiky, a spoločnosti by chceli, aby sa viac žien rozhodlo pracovať v ich odboroch. Nízke zastúpenie žien v informačno-komunikačných technológiách (IKT) znižuje národnú konkurencieschopnosť Francúzska a Slovenska....

ver descrição completa

Na minha lista:
Detalhes bibliográficos
Autor principal: Kocúrová, Nina, 1997-
Outros Autores: Hanák, Róbert, 1979-
Formato: Capítulo de Livro
Idioma:inglês
Assuntos:
Tags: Adicionar Tag
Sem tags, seja o primeiro a adicionar uma tag!

MARC

LEADER 00000naa$a2200000$$$4500
001 0296634
005 20240502083956.0
041 0 |a eng 
044 |a CZ 
245 1 0 |a Female Students of Information and Communication Technologies in Slovakia and France - Population Shares and Development Trends  |c Nina Kocúrová, Róbert Hanák 
520 |a Ženy stále predstavujú malé percento pracovnej sily, najmä na pozíciách v oblasti informatiky, a spoločnosti by chceli, aby sa viac žien rozhodlo pracovať v ich odboroch. Nízke zastúpenie žien v informačno-komunikačných technológiách (IKT) znižuje národnú konkurencieschopnosť Francúzska a Slovenska. Cieľom vedeckého článku je na základe štatistických údajov preskúmať zastúpenie žien vo všetkých stupňoch vysokoškolského štúdia v oblasti IKT na Slovensku a vo Francúzsku a predstaviť politiky a tiež organizácie zaoberajúce sa podporou dievčat a žien. 
610 2 0 |a konkurencieschopnosť 
610 2 0 |a technológie informačné 
610 2 0 |a technológie komunikačné 
610 2 0 |a informatika 
610 2 0 |a ženy 
610 2 0 |a rovnosť rodová 
100 1 |a Kocúrová, Nina, 1997- 
700 1 |a Hanák, Róbert, 1979-